00670nam a2200229 a 4500001001300000003000900013005001700022008004100039020002300080082001800103245003800121260004000159300001000199500003500209505001000244650001800254710002500272902000800297942000700305952011100312999001700423nice12345678IN_TiNIC20260116014935.0050524s1979 jeda grp 000 0 eng  a0340177 c10000a220.5208bHOD aBibleb New International Version aJeddahbHodder and Stoughton c1979 a1274p aincludes index and biblioraphy2 aIndex aBible-English2 aHodder and Stoughton bSRS cBK 001140708REFaHMIbHMIcREFd2007-06-15g100.00l0o220.5208 HODp11000239r2007-06-15w2026-01-16yBK c17638d17638